banner koha

Eficácia da Aloe vera comparada à Sulfadiazina de Prata no tratamento de queimaduras: revisão integrativa (Registro n. 327823)

MARC details
000 -LÍDER
fixed length control field 03202nab a2200325 i 4500
003 - CÓDIGO MARC DA AGÊNCIA CATALOGADORA
Campo de controle BR-BrBNA
005 - DATA E HORA DA ÚLTIMA ATUALIZAÇÃO
Campo de controle 20240925131444.0
008 - CAMPO DE TAMANHO FIXO
fixed length control field 240925b2021 bl.qr|pooa||| 00| 0 por |
040 ## - FONTE DA CATALOGAÇÃO
Agência catalogadora BR-BrBNA
Idioma da catalogação por
072 ## - CATEGORIA AGRIS
Código AGRIS F60
072 ## - CATEGORIA AGRIS
Código AGRIS S01
100 ## - ENTRADA PRINCIPAL - NOME PESSOAL
Nome pessoal Perinoti, Lívia Cristina Scalon da Costa
100 ## - ENTRADA PRINCIPAL - NOME PESSOAL
Nome pessoal Nadaleti, Nayara Pires
100 ## - ENTRADA PRINCIPAL - NOME PESSOAL
Nome pessoal Moreira, João Batista
100 ## - ENTRADA PRINCIPAL - NOME PESSOAL
Nome pessoal Sá, Maurício Durval de
100 ## - ENTRADA PRINCIPAL - NOME PESSOAL
Nome pessoal Freitas, Lara Aparecida de
100 ## - ENTRADA PRINCIPAL - NOME PESSOAL
Nome pessoal Goyatá, Sueli Leiko Takamatsu
245 ## - TÍTULO PRINCIPAL
Título principal Eficácia da Aloe vera comparada à Sulfadiazina de Prata no tratamento de queimaduras: revisão integrativa
500 ## - NOTA GERAL
Nota geral Publicação on-line; 44 ref.; 2 tables; Summaries (En, Pt)
942 ## - ADDED ENTRY ELEMENTS (KOHA)
Koha item type Analítica
520 ## - NOTA DE RESUMO
Nota de conteúdo <br/>RESUMO: <br/><br/>Este estudo teve como objetivo avaliar as evidências científicas disponíveis na<br/>literatura sobre a eficácia da Aloe vera de uso tópico comparada à Sulfadiazina de Prata<br/>no tratamento de queimaduras. Revisão integrativa, realizada nas bases/bancos de dados<br/>CINAHL, LILACS, PUBMED-PICO, SciELO, no período entre 2007 a 2016. Os descritores<br/>eficácia, queimaduras, Aloe, plantas medicinais, Sulfadiazina de Prata, resultado do tratamento<br/>e medicamentos fitoterápicos foram combinados entre si em português, inglês e espanhol,<br/>a fim de garantir ampla busca de estudos primários. Dos 139 artigos disponíveis na íntegra,<br/>após leitura e análise, 8 foram incluídos no estudo. Desses, 6 apresentaram forte nível de<br/>evidência. Conclui-se que o uso da Aloe vera comparada à Sulfadiazina de Prata parece ser<br/>um tratamento promissor para a queimadura.<br/><br/><br/>Palavras-chave: eficácia; queimaduras; aloe; plantas medicinais; sulfadiazina de prata.
520 ## - NOTA DE RESUMO
Nota de conteúdo <br/>ABSTRACT: <br/><br/>Efficacy of Aloe vera compared to Silver Sulfadiazine in treating burns: an<br/>integrative review .The purpose of the study was to evaluate the scientific evidence available<br/>in the literature on the effectiveness of Aloe vera topical compared to Silver Sulfadiazine in the<br/>treatment of burns. Integrative review, conducted on the basis / databases CINAHL, LILACS,<br/>PUBMED-PICO, SciELO, for the period 2007 to 2016. The efficiency descriptors, burns, Aloe,<br/>medicinal plants, Silver Sulfadiazine, a result of treatment and herbal medicines were combined<br/>each other in Portuguese, English and Spanish in order to ensure broad search of primary<br/>studies. Of the 139 articles available in full, after reading and analyzing, 8 were included in the<br/>study. Of these, six showed a strong level of evidence. We conclude that the use of Aloe vera<br/>compared to Silver Sulfadiazine appears to be a promising treatment for burn injury.<br/><br/>Keywords: efficacy; burns; aloe; plants, medicinal; silver sulfadiazine
650 ## - ASSUNTO - THESAGRO
Cabeçalho tópico ou nome geográfico ALOE VERA
650 ## - ASSUNTO - THESAGRO
Cabeçalho tópico ou nome geográfico PLANTA MEDICINAL
650 ## - ASSUNTO - THESAGRO
Cabeçalho tópico ou nome geográfico QUEIMADA
650 ## - ASSUNTO - THESAGRO
Cabeçalho tópico ou nome geográfico PELE
773 0# - ENTRADA ANALÍTICA
Host Biblionumber 3543
Registro do item 344753
Imprenta Botucatu-SP Instituto de Biociências - Departamento de Química e Bioquímica 1998
Outro identificador 2024-5082
Título Revista Brasileira de Plantas Medicinais (Brazil)
ISSN 1516-0572
Colação v. 23(4) p. 211-220; (2021)
Número de controle de registro BR2024002680
856 ## - ACESSO E ENDEREÇO ELETRÔNICO
Identificador uniforme de recurso - URI https://www.sbpmed.org.br/admin/files/papers/file_8zxSpzme1pOI.pdf

Nenhum exemplar disponível.

BINAGRI

Telefone: (61)3218-2567/2388/3357/2097 - binagri@agro.gov.br

Ministério da Agricultura e Pecuária , Esplanada dos Ministérios, Bloco D, Anexo B, Brasília/DF, CEP: 70.043-900